[Event "IBM"]
[Site "Amsterdam"]
[Date "1978.??.??"]
[Round "1"]
[White "Nikolac, Juraj"]
[Black "Browne, Walter S"]
[Result "1-0"]
[WhiteElo "2495"]
[BlackElo "2550"]

1.Nf3 Nf6 2.c4 b6 3.d4 e6 4.e3 Bb7 5.Bd3 Be7 6.O-O O-O 7.b3 c5 8.Bb2 cxd4
9.Nxd4 Nc6 10.Nxc6 Bxc6 11.Nd2 Qc7 12.Qe2 Qb7 13.e4 d6 14.f4 Rad8 15.b4 Qa8
16.a3 a5 17.Bc2 Qb8 18.Nf3 axb4 19.axb4 Qb7 20.Rae1 Qa8 21.Nd4 Bb7 22.Rf3 g6
23.Ra3 Qb8 24.Rg3 Rfe8 25.f5 e5 26.fxg6 hxg6 27.Nf5 Bf8 28.Bc1 Re6 29.Bg5 Rc8
30.Bd3 Nh7 31.Be3 Kh8 32.Qg4 Qc7 33.Rh3 Kg8 34.Qh4 f6 35.Qg4  1-0

[Event "IBM"]
[Site "Amsterdam"]
[Date "1978.??.??"]
[Round "4"]
[White "Nikolac, Juraj"]
[Black "Adorjan, Andras"]
[Result "0-1"]
[WhiteElo "2495"]
[BlackElo "2515"]

1.d4 Nf6 2.c4 e6 3.Nc3 Bb4 4.e3 b6 5.Ne2 Ba6 6.Ng3 Bxc3+ 7.bxc3 d5 8.Ba3 Bxc4
9.Bxc4 dxc4 10.Qa4+ Qd7 11.Qxc4 Qc6 12.Qxc6+ Nxc6 13.Ke2 O-O-O 14.Rhc1 Rd7
15.c4 Rhd8 16.Rab1 Kb7 17.Bb2 Ne8 18.Ne4 Nd6 19.Nd2 f5 20.Nb3 Ne4 21.a4 a5
22.f3 Nf6 23.Ba3 Ka7 24.Rc2 Rc8 25.g3 g5 26.Rbc1 Kb7 27.c5 Nd5 28.Rb2 Ka7
29.Nd2 f4 30.e4 Ndb4 31.Bxb4 axb4 32.Nb3 Nxd4+ 33.Nxd4 Rxd4 34.Rbc2 c6 35.cxb6+ Kxb6
36.Rc5 b3 37.a5+ Ka6 38.Ra1 h6 39.Re5 Rcd8 40.Rxe6 b2 41.Rxc6+ Ka7  0-1

[Event "IBM"]
[Site "Amsterdam"]
[Date "1978.??.??"]
[Round "4"]
[White "Hort, Vlastimil"]
[Black "Romanishin, Oleg M"]
[Result "0-1"]
[WhiteElo "2620"]
[BlackElo "2610"]

1.c4 Nf6 2.d4 e6 3.Nf3 b6 4.g3 Bb7 5.Bg2 Be7 6.O-O d6 7.Nc3 Ne4 8.Qa4+ Nd7
9.Nxe4 Bxe4 10.Rd1 O-O 11.Ne5 Nf6 12.Nc6 Qe8 13.b4 Bxg2 14.Kxg2 Ne4 15.Rd3 f5
16.f3 Nf6 17.b5 Nd7 18.Qd1 Bf6 19.Bb2 a5 20.e3 Qf7 21.f4 Be7 22.Qf3 Nf6 23.Nxe7+ Qxe7
24.Qc6 Ne4 25.d5 Nc5 26.Rd2 Rae8 27.Re1 Qf7 28.dxe6 Rxe6 29.Qd5 Rfe8 30.Bd4 Ne4
31.Rc2 Qh5 32.Qc6 Qf7 33.Qd5 h5 34.Kh1 Qg6 35.Rg2 Qg4 36.Bb2 Kh7 37.Qd1 Qh3
38.Qf3 Rh6 39.Bd4 Ree6 40.Rf1 Reg6 41.Kg1 Rg4 42.Rc2 h4  0-1

[Event "IBM"]
[Site "Amsterdam"]
[Date "1978.??.??"]
[Round "7"]
[White "Romanishin, Oleg M"]
[Black "Pfleger, Helmut"]
[Result "0-1"]
[WhiteElo "2610"]
[BlackElo "2530"]

1.e4 d6 2.d4 Nf6 3.Nc3 g6 4.Bg5 h6 5.Bh4 Bg7 6.Qd2 c6 7.f4 O-O 8.Bd3 b5 9.Nf3 b4
10.Ne2 a5 11.O-O d5 12.Ng3 dxe4 13.Nxe4 Nbd7 14.Rae1 Ba6 15.Nf2 Bxd3 16.Nxd3 e6
17.c4 c5 18.dxc5 Qc7 19.Bf2 Ng4 20.Nfe5 Nxf2 21.Qxf2 Rad8 22.b3 Rfe8 23.Kh1 Nxe5
24.Nxe5 Bf8 25.c6 Rd6 26.Qf3 Red8 27.h3 Bg7 28.Rf2 Rd4 29.Qe3 Kh7 30.Ref1 Kg8
31.Rf3 Rd2 32.R3f2 R2d4 33.Rf3 Rd2 34.Rg3 Rxa2 35.h4 h5 36.Nxg6 fxg6 37.Qxe6+ Qf7
38.c7 Re8 39.Qxg6 Qxg6 40.Rxg6 Kf7 41.Rc6 Rc8 42.Rd1 Ke7 43.f5 Ra1 44.Rxa1 Bxa1
45.Ra6 Rxc7 46.Rxa5 Bc3 47.Kh2 Kf6 48.Kg3 Rd7 49.Kf4 Rd4+ 50.Kf3 Rxh4 51.c5 Be5
52.c6 Rf4+ 53.Ke3 Rxf5 54.Ra7 Bd6 55.Ra6 Ke6  0-1

[Event "IBM"]
[Site "Amsterdam"]
[Date "1978.??.??"]
[Round "7"]
[White "Langeweg, Kick"]
[Black "Nikolac, Juraj"]
[Result "1-0"]
[WhiteElo "2450"]
[BlackElo "2495"]

1.Nf3 Nf6 2.c4 b6 3.g3 Bb7 4.Bg2 e6 5.O-O Be7 6.b3 O-O 7.Bb2 d5 8.e3 Nbd7
9.Nc3 Ne4 10.cxd5 Nxc3 11.dxc3 exd5 12.Qc2 Bf6 13.Rfd1 Qe7 14.Rac1 Rfd8 15.Ne1 Nc5
16.Ba3 c6 17.Nd3 Rac8 18.c4 d4 19.e4 g6 20.Qd2 Bg7 21.Rc2 Bf8 22.Bxc5 bxc5
23.Re1 Qc7 24.e5 Re8 25.f4 Rcd8 26.Be4 Bc8 27.Qg2 Bd7 28.g4 Kh8 29.Qf3 Re6
30.Rce2 Be7 31.Kh1 Rg8 32.f5 gxf5 33.gxf5 Rh6 34.Rg2 Qc8 35.Reg1 Rxg2 36.Rxg2 f6
37.e6 Be8 38.Qg4  1-0

[Event "IBM"]
[Site "Amsterdam"]
[Date "1978.??.??"]
[Round "10"]
[White "Ljubojevic, Ljubomir"]
[Black "Langeweg, Kick"]
[Result "1-0"]
[WhiteElo "2605"]
[BlackElo "2450"]

1.e4 c5 2.Nf3 e6 3.d3 Nc6 4.g3 g6 5.Bg2 Bg7 6.O-O Nge7 7.Re1 d6 8.c3 e5 9.a3 O-O
10.b4 b6 11.Ra2 Be6 12.Rd2 Qc8 13.d4 cxd4 14.cxd4 Bg4 15.dxe5 dxe5 16.Bb2 Rd8
17.b5 Nd4 18.Bxd4 exd4 19.e5 Qc7 20.Rxd4 Nf5 21.Rd2 Rac8 22.e6 fxe6 23.Qb3 Kh8
24.Qxe6 Bxf3 25.Bxf3 Nd4 26.Qe4 Nxf3+ 27.Qxf3 Rxd2 28.Nxd2 Qd7 29.Ne4 h6
30.Rd1 Qxb5 31.Qg4 Qc6 32.Nd6 Rf8 33.Qxg6 Qf3 34.Rd2 Qxa3 35.Rd3 Qa2 36.Nf5 Qf7
37.Qxf7 Rxf7 38.g4 b5 39.Rd8+ Kh7 40.Rb8 a6 41.Rb6 Ra7 42.h4 Bf8 43.g5 hxg5
44.hxg5 b4 45.g6+ Kg8 46.Rb8 a5 47.g7 Rxg7+ 48.Nxg7 Kxg7 49.Ra8 Kf7 50.Rxa5 Ke6
51.Kf1 Bg7 52.Rb5 Bc3 53.Ke2 Kd6 54.Kd3 Ke6 55.f4 Kd6 56.Rb6+ Kc7 57.Rg6 Kd7
58.Ra6 Ke7 59.Rb6 Kd7 60.Ke4 Kc7 61.Rh6 Kd7 62.Kd5 Ke7 63.Rb6 Bd2 64.Ke4 Bc3
65.Rc6 Kd7 66.Kd5 Bd2 67.f5 b3 68.Rb6 Ke7 69.f6+ Kf7 70.Ke5 Kg6 71.Rxb3  1-0

[Event "IBM"]
[Site "Amsterdam"]
[Date "1978.??.??"]
[Round "11"]
[White "Pfleger, Helmut"]
[Black "Browne, Walter S"]
[Result "1/2-1/2"]
[WhiteElo "2530"]
[BlackElo "2550"]

1.c4 e5 2.Nc3 Nc6 3.g3 g6 4.Bg2 Bg7 5.d3 f5 6.Nf3 Nf6 7.O-O d6 8.Rb1 O-O
9.b4 a6 10.a4 h6 11.b5 axb5 12.axb5 Ne7  1/2-1/2

[Event "IBM"]
[Site "Amsterdam"]
[Date "1978.??.??"]
[Round "11"]
[White "Ree, Hans"]
[Black "Nikolac, Juraj"]
[Result "1/2-1/2"]
[WhiteElo "2500"]
[BlackElo "2495"]

1.d4 Nf6 2.c4 e6 3.Nc3 Bb4 4.Qc2 d5 5.cxd5 exd5 6.Bg5 h6 7.Bxf6 Qxf6 8.a3 Bxc3+
9.Qxc3 c6 10.e3 Bf5 11.Nf3 O-O 12.Be2 Nd7 13.b4 Bg4 14.O-O Rfe8 15.Rac1 Nb6
16.Rfe1 Bxf3 17.Bxf3 Nc4 18.b5 Rac8 19.Qb4 b6 20.a4 Red8 21.Rc2 Qg6 22.Rec1 c5
23.dxc5 Rxc5 24.Rc3 Nd2 25.Be2 Ne4 26.Rxc5 bxc5 27.Qa5 Qb6 28.Qxb6 axb6 29.a5 bxa5
30.f3 Nd2 31.Rxc5 Nb3 32.Rc7 a4 33.b6 a3 34.b7 a2 35.Rc8 a1=Q+ 36.Kf2 Qf6
37.b8=Q Qh4+ 38.Kg1 Qe1+ 39.Bf1 Qxe3+ 40.Kh1 Rxc8 41.Qxc8+ Kh7 42.Qf5+ Kg8
43.Qc8+  1/2-1/2